Land tenure and the small farmer in Asia / (Record no. 19064)

000 -LEADER
fixed length control field 00772cam a2200205 a 4500
040 ## - CATALOGING SOURCE
Transcribing agency DLC
082 00 - DEWEY DECIMAL CLASSIFICATION NUMBER
Classification number 338 FOO 1983 C160 Or.
245 10 - TITLE STATEMENT
Title Land tenure and the small farmer in Asia /
260 ## - PUBLICATION, DISTRIBUTION, ETC. (IMPRINT)
Place of publication Taiwan, Republic of China :
Name of publisher Food and Fertilizer Technology Center for the Asian and Pacific Region,
Year of publication 1983.
300 ## - PHYSICAL DESCRIPTION
Number of Pages 158 p. :
Other physical details ill. ;
Dimensions 26 cm.
500 ## - GENERAL NOTE
General note Papers of the Seminar on Adjustment of Small Farm Development and Land Tenure held Nov. 3-5, 1982, Taipei, Taiwan.
650 #0 - SUBJECT ADDED ENTRY--TOPICAL TERM
Topical Term Farms, Small
650 #0 - SUBJECT ADDED ENTRY--TOPICAL TERM
Topical Term Peasants
650 #0 - SUBJECT ADDED ENTRY--TOPICAL TERM
Topical Term Farm tenancy
700 2# - ADDED ENTRY--PERSONAL NAME
Personal name Bay-Petersen, Jan.
710 2# - ADDED ENTRY--CORPORATE NAME
Corporate name or jurisdiction name as entry element Asian and Pacific Council.
710 2# - ADDED ENTRY--CORPORATE NAME
Corporate name or jurisdiction name as entry element Xing zheng yuan nong ye fa zhan wei yuan hui (China)
710 2# - ADDED ENTRY--CORPORATE NAME
Corporate name or jurisdiction name as entry element Tu di gai ge xun lian suo (Taiwan)
942 ## - ADDED ENTRY ELEMENTS (KOHA)
Koha item type ADB
952 ## - LOCATION AND ITEM INFORMATION (KOHA)
Withdrawn status [LOCAL, KOHA] 0
Holdings
Koha item type Source of acquisition Lost status Permanent Location Current Location Date acquired Full call number
សៀវភៅភាសាអង់គ្លេសA37789 Library Block CLibrary Block C2020-03-04338 FOO 1983 C160 Or.
មជ្ឈមណ្ឌលឯការនៃសាកលវិទ្យាល័យភូមិន្ទកសិកម្មចំការដូង

Powered by Koha